000 00823nam a2200277Ia 4500
003 OSt
005 20221006145603.0
006 a|||||r|||| 00| 0
007 ta
008 221006b |||||||| |||| 00| 0 eng d
020 _c
_10.00
024 _a15,356
037 _cTextual
040 _aEASL
_cEASL
_beng
041 _2eng
_aeng
082 _aV41:1940bX:54.G9, K6
100 _aHIRTH Friedrich
_9109325
245 0 _aChau ju-Kua
_b His work on the Chinese and Arab trade in the twelfth and thirteenth centuries entitled Chu-fan-chi
260 _aNew York
_bParagon Book
_c1966
300 _a288p.
_ccm.
490 _v RS
650 _aCEL
700 _a ROCKHILL W W
_996286
942 _hV41:1940bX:54.G9, K6
_cTEXL
_2CC
999 _c1083442
_d1083442